000 00696nam a2200217Ia 4500
001 9338
003 GE_BSU
008 181216s||||||||xx |||||||||||||| ||und||
040 _cGE_BSU
245 _aრჩეული პროზა.ტომი 2
245 _bმოთხრობები
245 _cრედ.დ.ბენაშვილი.
260 _aთბილისი
260 _bსაბჭოთა საქართველო
260 _c1959
300 _a650გვ.21სმ.
520 _aბიბლიოგრ.შენიშვ.:გვ.464-650
653 _aმოთხრობები
653 _aრჩეული პროზა
942 _cBK
999 _c42634
_d42634